Statistics for Actors who didn't play in these movies

Click here to take the quiz!

General Stats

  • This quiz has been taken 16 times
  • The average score is 6 of 10

Answer Stats

QuestionAnswer% Correct
Who didn't play in Tropic Thunder? (2008)Adam Sandler
87%
Who didn't play in Seven? (1995)Edward Norton
87%
Who didn't play in Crazy, Stupid, Love? (2011)Jessica Chastain
73%
Who didn't play in The Dark Knight Rises? (2012)Liam Neeson
73%
Who didn't play in Wild Wild West? (1999)Penélope Cruz
67%
Who didn't play in Lawless? (2012)Christian Bale
53%
Who didn't play in Jumanji: Next Level? (2019)Dane DeHaan
53%
Who didn't play in 21 Jump Street? (2012)Kevin Hart
53%
Who didn't play in Prisoners? (2013)Jon Bernthal
47%
Who didn't play in Interstellar? (2014)Ed Harris
40%

Score Distribution

Percentile by Number Answered

Percent of People with Each Score

Your Score History

You have not taken this quiz